|
|
|
|
| LEADER |
00000nam0a2200000 4500 |
| 001 |
360998 |
| 005 |
20231102011338.0 |
| 035 |
|
|
|a (RuTPU)RU\TPU\retro\18324
|
| 090 |
|
|
|a 360998
|
| 100 |
|
|
|a 20210521d1979 km y0rusy50 ca
|
| 101 |
0 |
|
|a rus
|
| 102 |
|
|
|a RU
|
| 105 |
|
|
|a a z 001zy
|
| 200 |
1 |
|
|a Исследование термолюминисценции геологических материаов
|f И. И. Матросов, В. К. Чистяков, Ю. Л. Погорелов
|
| 210 |
|
|
|a Томск
|c Изд-во ТГУ
|d 1979
|
| 215 |
|
|
|a 114 с.
|c ил.
|
| 320 |
|
|
|a Библиогр.: с. 98-111
|
| 606 |
1 |
|
|a Минеральное сырье
|x Физико-химические исследования
|2 stltpush
|3 (RuTPU)RU\TPU\subj\44021
|9 63409
|
| 606 |
1 |
|
|a Минералы
|x Люминесцентный анализ
|2 stltpush
|3 (RuTPU)RU\TPU\subj\43957
|9 63367
|
| 610 |
1 |
|
|a термолюминесценция
|
| 610 |
1 |
|
|a термолюминесцентный метод
|
| 610 |
1 |
|
|a минералы
|
| 610 |
1 |
|
|a природная термолюминесцентность
|
| 610 |
1 |
|
|a геологические образования
|
| 610 |
1 |
|
|a абсолютный возраст
|
| 610 |
1 |
|
|a определение
|
| 610 |
1 |
|
|a поиск
|
| 610 |
1 |
|
|a полезные ископаемые
|
| 675 |
|
|
|a 553.08
|v 4
|
| 675 |
|
|
|a 549.08:53
|v 4
|
| 700 |
|
1 |
|a Матросов
|b И. И.
|g Игорь Иванович
|
| 701 |
|
1 |
|a Чистяков
|b В. К.
|g Владимир Константинович
|
| 701 |
|
1 |
|a Погорелов
|b Ю. Л.
|g Юрий Лукич
|
| 801 |
|
1 |
|a RU
|b 63413507
|c 20210521
|
| 942 |
|
|
|c BK
|